|
|
|
|
| LEADER |
00000nab a2200000 a 4500 |
| 001 |
vtls000759161 |
| 003 |
SK-MaSNL |
| 005 |
20260304110412.0 |
| 008 |
250429c2001 xo 0 slo |
| 015 |
|
|
|a SNBRB2001/06-17385
|
| 035 |
|
|
|a CLN000110948
|
| 035 |
|
|
|a urn:nbn:sk:snk-abbubu
|
| 035 |
|
|
|a (urnnbn)urn:nbn:sk:snk:ar-000ro4
|
| 035 |
|
|
|a (uuid)f3557bde-223b-4149-8cbd-6741b59f94f7
|
| 040 |
|
|
|a SNKBUCL
|b slo
|c SNKBUCL
|e AACR2
|
| 041 |
0 |
|
|a slo
|
| 044 |
|
|
|a xo
|c SK
|
| 080 |
|
|
|a 681.3.06
|2 1997
|
| 080 |
|
|
|a 026/027
|2 1997
|
| 100 |
1 |
|
|a Zendulková, Danica,
|d 1962-
|4 aut
|9 143828
|
| 245 |
1 |
0 |
|a Knižnica pod Windows - okná k používateľovi dokorán
|c Danica Zendulková
|
| 300 |
|
|
|b Fotogr., obr.
|
| 650 |
0 |
7 |
|a knižnice
|2 snkbucl
|9 17965
|
| 650 |
0 |
7 |
|a automatizácia knižníc
|2 snkbucl
|9 1430
|
| 650 |
0 |
7 |
|a WinISIS
|2 snkbucl
|9 15956
|
| 655 |
|
7 |
|a články z novín a časopisov
|2 snkbucl
|9 267496
|
| 773 |
0 |
|
|t Knižnica
|g Roč. 2, č. 4 (2001), s. 185-188
|x 1335-7026
|
| 850 |
|
|
|a Slovenská národná knižnica
|
| 852 |
|
|
|a Slovenská národná knižnica
|
| 954 |
|
|
|a odborná, vedecká literatúra pôvodná (slovenská)
|2 lita
|
| 958 |
|
|
|a article15
|
| 958 |
|
|
|a OND
|
| 958 |
|
|
|a SK
|
| 958 |
|
|
|a KL
|
| 958 |
|
|
|a EUIPO
|
| 992 |
|
|
|a RBX
|
| 999 |
|
|
|c 2859813
|d 2861743
|